2024 Cabinet - Statistics

General Stats
  • This quiz has been taken 2 times
  • The average score is 17 of 30
Answer Stats
Hint Answer % Correct
Deputy Prime Minister Angela Rayner
100%
Secretary of State for Housing, Levelling-Up, Communities & Local Government Angela Rayner
100%
Foreign Secretary David Lammy
100%
Prime Minister Keir Starmer
100%
Secretary of State for Culture, Media & Sport Lisa Nandy
100%
Chancellor of the Exchequer Rachel Reeves
100%
Secretary of State for Health & Social Care Wes Streeting
100%
Home Secretary Yvette Cooper
100%
Secretary of State for Women & Equalities Annelise Dodds
50%
Leader of the House of Lords Baroness Smith
50%
Lord Privy Seal Baroness Smith
50%
Secretary of State for Education Bridget Phillipson
50%
Chief Secretary to the Treasury Darren Jones
50%
Secretary of State for Energy Security & Net Zero Ed Milliband
50%
Secretary of State for Transport Heidi Alexander
50%
Secretary of State for Northern Ireland Hillary Benn
50%
Secretary of State for Defence John Healey
50%
Secretary of State for Business & Trade Jonathan Reynolds
50%
President of the Board of Trade Jonathan Reynolds
50%
Secretary of State for Work & Pensions Liz Kendall
50%
Leader of the House of Commons Lucy Powell
50%
Chancellor of the Duchy of Lancaster Pat McFadden
50%
Secretary of State for Science, Innovation & Technology Peter Kyle
50%
Secretary of State for Justice Shabanah Mahmood
50%
Lord Chancellor Shabanah Mahmood
50%
Secretary of State for Environment & Rural Affairs Steve Reed
50%
Secretary of State for Scotland Ian Murray
0%
Secretary of State for Wales Jo Stevens
0%
Attorney General Lord Hermer
0%
Chief Whip Sir Alan Campbell
0%
No matching quizzes found
Score Distribution
Percent of People with Each Score
Percentile by Number Answered
Your Score History
You have not taken this quiz